[Event "MEX-ch 26 (Women)"]
[Site "Merida"]
[Date "2019.05.15"]
[Round "4"]
[White "Coronado Osorio, Sofia Abig"]
[Black "Huerta Ordonez, Monica Abigail"]
[Result "1-0"]
[WhiteElo "1522"]
[BlackElo "1718"]
[PlyCount "107"]
[EventDate "2019.05.12"]
[EventType "swiss"]
[EventRounds "6"]
[EventCountry "MEX"]
[SourceTitle "EXT 2020"]
[Source "ChessBase"]
[SourceDate "2019.10.17"]
[SourceVersion "1"]
[SourceVersionDate "2019.10.17"]
[SourceQuality "1"]

1. d4 Nf6 2. g3 g6 3. Bg2 Bg7 4. Nh3 d6 5. f3 c5 6. dxc5 Qa5+ 7. c3 Qxc5 8. Nf2 0-0 9. e4 e5 10. Nd3 Qc7 11. 0-0 Nc6 12. b4 Be6 13. f4 exf4 14. gxf4 Ne7 15. Be3 d5 16. e5 Ng4 17. Bc5 Rfe8 18. h3 Nh6 19. Qe1 Nef5 20. Na3 Qd7 21. Nc2 b6 22. Bf2 Rac8 23. a4 Qc6 24. Ra3 Qc4 25. Nb2 Qc7 26. Qd2 Red8 27. Rc1 f6 28. Nd3 Nf7 29. Nd4 Nxd4 30. cxd4 Qd7 31. Bh4 Bxh3 32. Nf2 Rxc1+ 33. Qxc1 Rc8 34. Qe3 Bxg2 35. e6 Qc7 36. exf7+ Kxf7 37. Kxg2 Bh6 38. Qf3 Qd6 39. Ng4 Bxf4 40. Bxf6 Rc2+ 41. Kh3 Kg8 42. Be5 Bxe5 43. dxe5 Qe6 44. Qf6 Rc6 45. Qd8+ Kg7 46. Rf3 Rc8 47. Qf6+ Qxf6 48. exf6+ Kf8 49. Re3 d4 50. Re7 a5 51. Rxh7 Rc3+ 52. Kh4 axb4 53. Ne5 g5+ 54. Kg4 1-0

[Event "MEX-ch 26 (Women)"]
[Site "Merida"]
[Date "2019.05.13"]
[Round "2"]
[White "Huerta Ordonez, Monica Abigail"]
[Black "Alarcon Morales, Elvira"]
[Result "1-0"]
[WhiteElo "1718"]
[BlackElo "1973"]
[PlyCount "39"]
[EventDate "2019.05.12"]
[EventType "swiss"]
[EventRounds "6"]
[EventCountry "MEX"]
[SourceTitle "EXT 2020"]
[Source "ChessBase"]
[SourceDate "2019.10.17"]
[SourceVersion "1"]
[SourceVersionDate "2019.10.17"]
[SourceQuality "1"]

1. e4 e5 2. Nf3 Nc6 3. Nc3 Nf6 4. a3 a6 5. d4 exd4 6. Nxd4 Qe7 7. Nxc6 dxc6 8. Bd3 Bg4 9. f3 Be6 10. Be3 0-0-0 11. Qe2 Nd7 12. Bxa6 f5 13. 0-0-0 Qf6 14. Kb1 Nc5 15. Rxd8+ Qxd8 16. Rd1 Qf6 17. Bc4 fxe4 18. Bxc5 Bxc5 19. Nxe4 Qf7 20. Nd6+ 1-0